Testamento (Record no. 17114)

MARC details
000 -LEADER
campo de control de longitud fija 00830nam a2200253 i 4500
001 - NÚMERO DE CONTROL
campo de control 17114
003 - IDENTIFICADOR DE NÚMERO DE CONTROL
campo de control ES-MaACL
005 - FECHA Y HORA DE LA ÚLTIMA TRANSACCIÓN
campo de control 20240227135320.0
007 - CAMPO FIJO DE DESCRIPCIÓN FÍSICA--INFORMACIÓN GENERAL
campo de control de longitud fija t|
008 - DATOS DE LONGITUD FIJA--INFORMACIÓN GENERAL
campo de control de longitud fija 001220s1991 sp ||||1| spa d
020 ## - NÚMERO INTERNACIONAL ESTÁNDAR DEL LIBRO
Número Internacional Estándar del Libro 84-339-0770-0
080 ## - NÚMERO DE LA CLASIFICACIÓN DECIMAL UNIVERSAL
Número de la Clasificación Decimal Universal 929 Gombrowicz, Witold
100 1# - ENTRADA PRINCIPAL--NOMBRE DE PERSONA
Nombre de persona Gombrowicz, Witold.
9 (RLIN) 57737
245 10 - MENCIÓN DEL TÍTULO
Título Testamento
Resto del título : entrevistas con Dominique Roux /
Mención de responsabilidad, etc. Witold Gombrowicz ; traducción de Rosa Alapont.
260 ## - PUBLICACIÓN, DISTRIBUCIÓN, ETC.
Lugar de publicación, distribución, etc. Barcelona :
Nombre del editor, distribuidor, etc. Anagrama,
Fecha de publicación, distribución, etc. [1991]
300 ## - DESCRIPCIÓN FÍSICA
Extensión 248 p., [8] p. de lám ;
Dimensiones 23 cm.
490 1# - MENCIÓN DE SERIE
Mención de serie Biblioteca de la memoria ;
Designación de volumen o secuencia 5
600 14 - PUNTO DE ACCESO ADICIONAL DE MATERIA--NOMBRE DE PERSONA
Nombre de persona Gombrowicz, Witold-
Subdivisión de forma Entrevistas.
9 (RLIN) 57738
700 1# - ENTRADA AGREGADA--NOMBRE PERSONAL
Nombre de persona Roux, Dominique.
9 (RLIN) 100103
700 1# - ENTRADA AGREGADA--NOMBRE PERSONAL
Nombre de persona Alapont, Rosa
9 (RLIN) 19120
830 0# - PUNTO DE ACCESO ADICIONAL DE SERIE-TÍTULO UNIFORME
Título uniforme Biblioteca de la memoria ;
Designación de volumen o secuencia 5
9 (RLIN) 177960
852 ## - LOCALIZACIÓN
Ubicación ES-MaACL
Número de control de estantería L-23947
Sublocalización o colección R.129104
Holdings
Estatus retirado Estado de pérdida Estado de daño No para préstamo Biblioteca de origen Biblioteca actual Ubicación en estantería Fecha de adquisición Fuente de adquisición Total de préstamos Signatura topográfica completa Código de barras Visto por última vez Precio de reemplazo Tipo de ítem Koha
        Biblioteca del Ateneo de Madrid Biblioteca del Ateneo de Madrid Depósito 2 17/01/2008     L-23947 1017460 23/02/2023 23/02/2023 Libro impreso